000 00343nam a22001337a 4500
003 SGT
020 _a9789355625359
082 _a891.4309
_bN24B
100 _aवाजपयी, सुमन
245 _a द नागा स्टोरी
260 _bप्रभात प्रकाशन
_c2024
300 _a183
942 _2ddc
_cBK
999 _c32061
_d32061